000 00437nam a2200181Ia 4500
001 20699
005 20260306172825.0
008 260306t2015||||xx |||||||||||||| ||spa||
041 _aESP
082 _a343.6L
_bM86M
100 _aMorante Guerrero, Luis
_eAUT
245 0 _aManual de contrataciones del estado
260 _c2015
300 _a783 páginas :
_c25 cm.
650 _aGEN
654 _aCDE
942 _cLIB
_dJUS
_fJUS
_2ddc
_n
999 _c20699
_d20699